[Event "Bretagne-ch U14"]
[Site "Ploermel"]
[Date "2007.02.14"]
[Round "3"]
[White "Le Gallic, Renan"]
[Black "Guena, Clement"]
[Result "0-1"]
[WhiteElo "1830"]
[BlackElo "1650"]
[PlyCount "48"]
[EventDate "2007.02.13"]
[EventType "tourn"]
[EventRounds "6"]
[EventCountry "FRA"]
[SourceTitle "EXT 2008"]
[Source "ChessBase"]
[SourceDate "2007.11.25"]
[SourceVersion "1"]
[SourceVersionDate "2007.11.25"]
[SourceQuality "1"]

1. e4 d5 2. exd5 Qxd5 3. Nc3 Qa5 4. b3 Nf6 5. Bb2 c6 6. Nf3 Bf5 7. Be2 e6 8. 0-0 Nbd7 9. Re1 Bd6 10. Bc4 0-0 11. Ne2 b5 12. Bd3 Bxd3 13. cxd3 c5 14. d4 Rac8 15. dxc5 Nxc5 16. d4 Ncd7 17. Qd3 Rfd8 18. Red1 Nf8 19. Nc3 a6 20. Qe3 Ng6 21. Ne5 Bb4 22. Rac1 Bxc3 23. Rxc3 Rxc3 24. Qxc3 Qxc3 0-1

[Event "Bretagne-ch U14"]
[Site "Sarzeau"]
[Date "2006.02.21"]
[Round "2"]
[White "Le Gallic, Renan"]
[Black "Le Bail, Arielle"]
[Result "0-1"]
[WhiteElo "1670"]
[BlackElo "1800"]
[PlyCount "110"]
[EventDate "2006.02.21"]
[EventType "swiss"]
[EventRounds "6"]
[EventCountry "FRA"]
[SourceTitle "EXT 2007"]
[Source "ChessBase"]
[SourceDate "2006.11.23"]
[SourceVersion "1"]
[SourceVersionDate "2006.11.23"]
[SourceQuality "1"]

1. e4 c5 2. Nf3 Nc6 3. d4 cxd4 4. Nxd4 Nf6 5. Nc3 e5 6. Nf3 Bb4 7. Bd3 d5 8. Nd2 Bxc3 9. bxc3 0-0 10. exd5 Nxd5 11. Bb2 Qb6 12. Rb1 Rd8 13. g3 Be6 14. c4 Ndb4 15. Bc3 Nxd3+ 16. cxd3 Qc7 17. Qe2 Bf5 18. Ne4 Nd4 19. Bxd4 Rxd4 20. f3 Rad8 21. Rb3 b6 22. 0-0 f6 23. Rd1 Qd7 24. Kf2 Rxc4 25. dxc4 Qxd1 26. Qxd1 Rxd1 27. c5 bxc5 28. Ke2 Rd7 29. Nxc5 Rc7 30. Rc3 Kf7 31. Ne4 Rxc3 32. Nxc3 Ke7 33. Ne4 Bxe4 34. fxe4 Kd6 35. Kd3 Kc5 36. Kc3 h5 37. h3 g6 38. g4 Kd6 39. Kd3 Ke6 40. Ke3 f5 41. exf5+ gxf5 42. gxf5+ Kxf5 43. Kf3 e4+ 44. Ke3 h4 45. a3 a6 46. a4 a5 47. Ke2 Kf4 48. Kf2 e3+ 49. Ke2 Ke4 50. Ke1 Kd3 51. Kd1 Kc3 52. Ke2 Kb3 53. Kxe3 Kxa4 54. Kd2 Kb4 55. Kc2 Kc4 0-1

[Event "Bretagne-ch U14"]
[Site "Sarzeau"]
[Date "2006.02.21"]
[Round "1"]
[White "Rostam, Salim"]
[Black "Le Gallic, Renan"]
[Result "0-1"]
[WhiteElo "1520"]
[BlackElo "1670"]
[PlyCount "112"]
[EventDate "2006.02.21"]
[EventType "swiss"]
[EventRounds "6"]
[EventCountry "FRA"]
[SourceTitle "EXT 2007"]
[Source "ChessBase"]
[SourceDate "2006.11.23"]
[SourceVersion "1"]
[SourceVersionDate "2006.11.23"]
[SourceQuality "1"]

1. e4 c5 2. Nf3 Nc6 3. d4 cxd4 4. Nxd4 g6 5. Nc3 Bg7 6. Be3 Nf6 7. g3 d6 8. Bg2 Ng4 9. Nxc6 bxc6 10. Bd4 e5 11. Be3 Nxe3 12. fxe3 Rb8 13. Rb1 0-0 14. 0-0 Be6 15. Qd3 Qc7 16. a3 f6 17. b4 Rfc8 18. Rbd1 Rd8 19. Na4 Qf7 20. Nb2 a5 21. c3 axb4 22. axb4 c5 23. Qa6 cxb4 24. cxb4 Rxb4 25. Rf2 Bf8 26. Nd3 Rbb8 27. Qa5 Ra8 28. Qb6 Rdb8 29. Qc6 Ra7 30. h4 Rab7 31. Kh2 g5 32. Rdf1 Be7 33. Ne1 g4 34. Nd3 Rb3 35. Rd1 Rb1 36. Rxb1 Rxb1 37. Rf1 Rxf1 38. Bxf1 f5 39. Kg2 fxe4 40. Nf2 Qf3+ 41. Kh2 Qxf2+ 42. Kh1 Qxf1+ 43. Kh2 Qh3+ 44. Kg1 Qxg3+ 45. Kh1 Qxh4+ 46. Kg2 Qf6 47. Kg1 h5 48. Qe8+ Kg7 49. Qxh5 Qg5 50. Qe8 Qxe3+ 51. Kf1 Qg5 52. Kg2 e3 53. Kf1 g3 54. Qb5 g2+ 55. Kg1 Qg3 56. Qxe5+ Qxe5 0-1